| 000 | 00512nam a2200181 a 4500 | ||
|---|---|---|---|
| 001 | 0008 | ||
| 005 | 20140414131916.0 | ||
| 008 | 040726s19uu xx 00 eng d | ||
| 020 | _a0-7853-1030-4 | ||
| 050 |
_aER _bJ87 1994 |
||
| 100 | _aTorrisi, Gary | ||
| 245 |
_aJungle book (The) / _cillustrations by Gary Torrisi. |
||
| 260 |
_aLincolnwood, Illinois : _bPublications International, _c1994. |
||
| 300 | _a1 v. : ill. ; cm. | ||
| 650 |
_aForest _xFiction. |
||
| 650 | _aChildren stories. | ||
| 999 |
_c111492 _d111492 |
||